| 000 | 00860nam a2200253 a 4500 | ||
|---|---|---|---|
| 001 | 57738 | ||
| 003 | BD-RjUL | ||
| 005 | 20211209080539.0 | ||
| 008 | 161211s2007 ii g b 000 e eng d | ||
| 035 | _a(BD-RjUL) 57862 | ||
| 040 |
_aDKAGE _beng _cDKAGE _dOCLCQ _dBD-RjUL |
||
| 041 | _aeng | ||
| 082 | 0 | 4 |
_a398.20954133 _223 _bPAT 2007 |
| 100 | 1 |
_aPasayat, Chitrasen. _9171468 |
|
| 245 | 1 | 0 |
_aTribal, non-tribal divide : _bmyth and reality / _cChitrasen Pasayat. |
| 260 |
_aBhubaneswar : _bSarmistha Barik, _c2007. |
||
| 300 |
_aviii, 176 p. ; _c21 cm. |
||
| 500 | _aEssays; previously published. | ||
| 504 | _aIncludes bibliographical references. | ||
| 650 | 0 |
_aOral tradition _zIndia _zOdisha. _9171469 |
|
| 650 | 0 |
_aTribes _zIndia _zOdisha _xSocial life and customs. _9171470 |
|
| 651 | 0 |
_aOdisha (India) _xReligious life and customs. _9171471 |
|
| 942 |
_2ddc _cBK |
||
| 999 |
_c57738 _d57738 |
||